Online
Catalog
Normal view MARC view

Entry Nombre personal

Number of records used in: 19

001 - NÚMERO DE CONTROL

  • campo de control: 13174

003 - IDENTIFICADOR DEL NÚMERO DE CONTROL

  • campo de control: OSt

005 - FECHA Y HORA DE LA ÚLTIMA TRANSACCIÓN

  • campo de control: 20220328111526.0

008 - DATOS DE LONGITUD FIJA

  • campo de control de longitud fija: 200615|| aca||aabn | a|a d

040 ## - FUENTE DE LA CATALOGACIÓN

  • Centro catalogador/agencia de origen: OSt
  • Centro/agencia transcriptor: OSt

100 1# - ENCABEZAMIENTO-NOMBRE DE PERSONA

  • Nombre de persona: Pepén, Juan F.
  • Forma completa/desarrollada del nombre: (Juan Felix)

670 ## - FUENTE DE DATOS ENCONTRADOS

  • Cita de la fuente: Work cat.: (OSt)4314: Pepén, Juan F., Educación de la conducta humana :, 2003.

670 ## - FUENTE DE DATOS ENCONTRADOS

  • Cita de la fuente: La nación que Duarte quiso, 2004

Powered by Koha